Detalles MARC
| 000 -CABECERA |
| campo de control de longitud fija |
01155nam a2200265ua 4500 |
| 001 - NUMERO DE CONTROL |
| campo de control |
000281 |
| 003 - IDENTIFICADOR DE NUMERO DE CONTROL |
| campo de control |
armpcda |
| 008 - ELEMENTOS DE LONGITUD FIJA -- INFORMACION GENERAL |
| campo de control de longitud fija |
145120s1995 ||||||||||||||000 | spa|| |
| 040 ## - FUENTE DE CATALOGACION |
| Agencia de catalogación original |
armpcda |
| Agencia que realiza la transcripción |
armpcda |
| 080 ## - NUMERO DE CLASIFICACION DECIMAL UNIVERSAL (CDU) |
| Número de la Clasificación Decimal Universal |
771 (821.25) |
| 100 1# - ASIENTO PRINCIPAL--NOMBRE PERSONAL |
| Nombre personal |
Cova, Roberto Osvaldo. |
| 245 10 - MENCION DE TITULO |
| Título propiamente dicho |
La iluminación artificial en Mar del Plata: |
| Parte restante del título |
notas para su historia/ |
| Mención de responsabilidad, etc. |
Roberto Osvaldo Cova. |
| 260 ## - PUBLICACION, DISTRIBUCION, ETC. (PIE DE IMPRENTA) |
| Lugar de publicación, distribución, etc. |
Mar del Plata: |
| Nombre del editor, distribuidor, etc. |
Cooperativa de Provisión de Electricidad, Servicios Públicos, Vivienda y crédito, |
| Fecha de publicación, distribución, etc. |
1995. |
| 300 0# - DESCRIPCION FISICA |
| Extensión |
46 p. |
| Otros detalles físicos |
22 cm. |
| 505 ## - NOTA DE CONTENIDO CON FORMATO PREESTABLECIDO |
| Nota de contenido con formato preestablecido |
Contenido:<br/>Primeros pasos en la historia de la iluminación urbana.- <br/>La Usina del Doctor Adrán Botana.- <br/>Adelante con los faroles.- <br/>Entra en escena el Molino Luro.- <br/>Compañía de Electricidad de Mar del Plata S.A. y otras empresas.- <br/>Un nuevo intento. (intentos de establecer usinas generadoras de corriente eléctrica).- <br/>Creación de la cooperativa y una lección inolvidable.- |
| 650 #4 - ASIENTO SECUNDARIO DE MATERIA - TERMINO TEMATICO |
| Término temático o nombre geográfico como elemento de entrada |
USINA |
| 650 #4 - ASIENTO SECUNDARIO DE MATERIA - TERMINO TEMATICO |
| Término temático o nombre geográfico como elemento de entrada |
SERVICIOS PUBLICOS |
| 650 #4 - ASIENTO SECUNDARIO DE MATERIA - TERMINO TEMATICO |
| Término temático o nombre geográfico como elemento de entrada |
ELECTRICIDAD |
| 650 #4 - ASIENTO SECUNDARIO DE MATERIA - TERMINO TEMATICO |
| Término temático o nombre geográfico como elemento de entrada |
HISTORIA |
| 650 #4 - ASIENTO SECUNDARIO DE MATERIA - TERMINO TEMATICO |
| Término temático o nombre geográfico como elemento de entrada |
MOLINO LURO |
| 651 #4 - ASIENTO SECUNDARIO DE MATERIA - NOMBRE GEOGRAFICO |
| Nombre geográfico |
MAR DEL PLATA |
| 901 ## - LOCAL DATA ELEMENT A, LDA (RLIN) |
| a |
n |
| b |
m |
| 942 ## - ELEMENTOS AGREGADOS (KOHA) |
| Koha [default] item type |
LIBRO |
| Clasificación normalizada de Koha para alfabetizar |
_ |